[Event "POL-chT 2nd League"]
[Site "Jastrzebia Gora"]
[Date "2019.09.13"]
[Round "7.17"]
[White "Niekras, Dawid"]
[Black "Kolosowski, Pawel"]
[Result "1-0"]
[WhiteElo "2296"]
[BlackElo "2176"]
[PlyCount "51"]
[EventDate "2019.09.07"]
[EventType "team-swiss"]
[EventRounds "9"]
[EventCountry "POL"]
[SourceTitle "EXT 2020"]
[Source "ChessBase"]
[SourceDate "2019.10.17"]
[SourceVersion "1"]
[SourceVersionDate "2019.10.17"]
[SourceQuality "1"]
[WhiteTeam "Lipno Steszew"]
[BlackTeam "Jaworzno"]
[WhiteTeamCountry "POL"]
[BlackTeamCountry "POL"]

1. e4 e5 2. Nf3 Nc6 3. Bb5 a6 4. Ba4 Nf6 5. 0-0 Be7 6. Re1 b5 7. Bb3 d6 8. c3 0-0 9. h3 Nd7 10. d4 Bf6 11. a4 Bb7 12. Na3 exd4 13. cxd4 Nb6 14. axb5 axb5 15. Rb1 Ba6 16. d5 Na5 17. Bd2 Nxb3 18. Qxb3 Na4 19. Qc2 Qd7 20. b3 Nc5 21. Bb4 c6 22. e5 Be7 23. exd6 Qxd6 24. Rxe7 Qxe7 25. Bxc5 Qf6 26. Bxf8 1-0

[Event "POL-chT 2nd League"]
[Site "Jastrzebia Gora"]
[Date "2019.09.08"]
[Round "2.20"]
[White "Kolosowski, Pawel"]
[Black "Pajak, Jakub Lech"]
[Result "0-1"]
[WhiteElo "2176"]
[BlackElo "1952"]
[PlyCount "120"]
[EventDate "2019.09.07"]
[EventType "team-swiss"]
[EventRounds "9"]
[EventCountry "POL"]
[SourceTitle "EXT 2020"]
[Source "ChessBase"]
[SourceDate "2019.10.17"]
[SourceVersion "1"]
[SourceVersionDate "2019.10.17"]
[SourceQuality "1"]
[WhiteTeam "Jaworzno"]
[BlackTeam "Skoczek Trojanski"]
[WhiteTeamCountry "POL"]
[BlackTeamCountry "POL"]

1. e4 g6 2. d4 Bg7 3. Nc3 c5 4. d5 d6 5. Be3 Nf6 6. f3 0-0 7. Qd2 a6 8. Bh6 b5 9. h4 b4 10. Nce2 Nbd7 11. h5 Ne5 12. Ng3 Qa5 13. Bxg7 Kxg7 14. f4 Neg4 15. Nf3 Bd7 16. Bc4 Bb5 17. Bxb5 axb5 18. Rh4 b3 19. cxb3 Ne3 20. Kf2 Qxd2+ 21. Nxd2 Nc2 22. Rah1 Rxa2 23. Rb1 Na3 24. bxa3 Rxd2+ 25. Kf3 Ra8 26. e5 Nxd5 27. hxg6 fxg6 28. Rbh1 Rh8 29. exd6 exd6 30. f5 Rd3+ 31. Kf2 Rxb3 32. fxg6 Rf8+ 33. Ke1 Rb1+ 34. Ke2 Rxh1 35. Rxh1 hxg6 36. Ne4 Re8 37. Kf3 Ra8 38. Nxd6 Rxa3+ 39. Ke4 Nf6+ 40. Ke5 Re3+ 41. Kf4 Nd5+ 42. Kg4 b4 43. Rf1 Nf6+ 44. Kf4 Re6 45. Rd1 c4 46. Nb5 c3 47. Nd4 Nd5+ 48. Kf3 Re3+ 49. Kf2 Re4 50. Nb3 Nf6 51. Rd4 Kf7 52. Rxe4 Nxe4+ 53. Ke3 Nd2 54. Nxd2 cxd2 55. Kxd2 Ke6 56. Kc2 Ke5 57. Kb3 Kf4 58. Kxb4 Kg3 59. Kc4 Kxg2 60. Kd4 g5 0-1

[Event "POL-chT 2nd League"]
[Site "Jastrzebia Gora"]
[Date "2018.09.05"]
[Round "5.10"]
[White "Konieczynski, Piotr"]
[Black "Kolosowski, Pawel"]
[Result "1/2-1/2"]
[WhiteElo "1884"]
[BlackElo "2208"]
[PlyCount "107"]
[EventDate "2018.09.01"]
[EventType "team-swiss"]
[EventRounds "9"]
[EventCountry "POL"]
[SourceTitle "CBM 186 Extra"]
[Source "ChessBase"]
[SourceDate "2018.08.24"]
[SourceVersion "1"]
[SourceVersionDate "2018.08.24"]
[SourceQuality "1"]
[WhiteTeam "Znin Baszta"]
[BlackTeam "Jaworzno"]
[WhiteTeamCountry "POL"]
[BlackTeamCountry "POL"]

1. d4 d5 2. Nf3 e6 3. c4 c6 4. cxd5 exd5 5. Nc3 f5 6. Bf4 Nf6 7. e3 Be7 8. Bd3 0-0 9. h3 Ne4 10. Qc2 a5 11. a3 b5 12. Ne5 Bb7 13. 0-0 Nd7 14. Nxd7 Qxd7 15. Nxe4 fxe4 16. Be2 b4 17. a4 Qe8 18. Rac1 Rc8 19. Bg4 Ra8 20. b3 h5 21. Be2 Ba6 22. Bxa6 Rxa6 23. Qe2 Ra8 24. Rc2 g5 25. Be5 Qg6 26. Rfc1 Rfc8 27. Rf1 g4 28. hxg4 hxg4 29. g3 Qh5 30. Rfc1 Kf7 31. Qf1 Qg6 32. Qg2 Ke8 33. Kf1 Kd7 34. Ke2 Bf6 35. Bf4 Ra6 36. Rh1 Rh8 37. Rxh8 Bxh8 38. Rc1 Ra8 39. Rh1 Bg7 40. Kd2 c5 41. Qf1 c4 42. bxc4 Qc6 43. Qe2 Ra7 44. Qxg4+ Ke8 45. Qh5+ Rf7 46. Qxd5 Qxa4 47. Qxe4+ Re7 48. Qg6+ Rf7 49. Qe4+ Re7 50. Qa8+ Kf7 51. Qd5+ Re6 52. Qf5+ Rf6 53. Qd5+ Re6 54. Qf5+ 1/2-1/2

[Event "POL-chT 2nd League"]
[Site "Jastrzebia Gora"]
[Date "2016.09.06"]
[Round "4.38"]
[White "Kolosowski, Pawel"]
[Black "Smolka, Marcin"]
[Result "1-0"]
[WhiteElo "2214"]
[BlackElo "2184"]
[PlyCount "53"]
[EventDate "2016.09.03"]
[EventType "team-swiss"]
[EventRounds "9"]
[EventCountry "POL"]
[SourceTitle "EXT 2017"]
[Source "ChessBase"]
[SourceDate "2016.10.25"]
[SourceVersion "1"]
[SourceVersionDate "2016.10.25"]
[SourceQuality "1"]
[WhiteTeam "Jaworzno JKSz MCKiS"]
[BlackTeam "Rybnik MKSz"]
[WhiteTeamCountry "POL"]
[BlackTeamCountry "POL"]

1. e4 e5 2. Bc4 Nf6 3. d3 c6 4. Nf3 d5 5. Bb3 Bb4+ 6. c3 Bd6 7. Nbd2 0-0 8. 0-0 Re8 9. Re1 h6 10. Nf1 Nbd7 11. Ng3 Nf8 12. Nh4 Bc7 13. Nhf5 dxe4 14. Bxh6 g6 15. Qd2 Qxd3 16. Qg5 N6h7 17. Ne7+ Kh8 18. Qh4 Bd8 19. Bg5 Bxe7 20. Bxe7 Kg7 21. Nxe4 Nd7 22. Rad1 Qa6 23. Rxd7 Bxd7 24. Bf6+ Nxf6 25. Qxf6+ Kh6 26. Nc5 Qa5 27. Re4 1-0

[Event "POL-chT 2nd League"]
[Site "Jastrzebia Gora"]
[Date "2016.09.03"]
[Round "1.68"]
[White "Tustanowski, Robert"]
[Black "Kolosowski, Pawel"]
[Result "0-1"]
[WhiteElo "2211"]
[BlackElo "2214"]
[PlyCount "102"]
[EventDate "2016.09.03"]
[EventType "team-swiss"]
[EventRounds "9"]
[EventCountry "POL"]
[SourceTitle "EXT 2017"]
[Source "ChessBase"]
[SourceDate "2016.10.25"]
[SourceVersion "1"]
[SourceVersionDate "2016.10.25"]
[SourceQuality "1"]
[WhiteTeam "Prudnik LKS Zarzewie"]
[BlackTeam "Jaworzno JKSz MCKiS"]
[WhiteTeamCountry "POL"]
[BlackTeamCountry "POL"]

1. e4 e5 2. Nf3 Nc6 3. Bc4 Nf6 4. Ng5 d5 5. exd5 Na5 6. Bb5+ c6 7. dxc6 bxc6 8. Be2 h6 9. Nf3 e4 10. Ne5 Qd4 11. f4 Bc5 12. Rf1 Bb6 13. c3 Qd6 14. d4 0-0 15. Na3 Qc7 16. Qc2 Nb7 17. Nac4 c5 18. d5 Nd6 19. Nxd6 Qxd6 20. c4 Bf5 21. Be3 Ba5+ 22. Kf2 Nd7 23. Nxd7 Qxd7 24. Kg1 Qd6 25. Rfd1 Bd8 26. b4 Bb6 27. b5 Bd8 28. a4 Bf6 29. Rab1 g5 30. fxg5 hxg5 31. Rf1 Bg6 32. Rxf6 Qxf6 33. Bxc5 e3 34. Bd3 Qf2+ 35. Qxf2 exf2+ 36. Kxf2 Bxd3 37. Bxf8 Bxb1 38. Be7 f6 39. Ke3 Kf7 40. d6 Rh8 41. c5 Rxh2 42. a5 Rxg2 43. b6 axb6 44. axb6 Rb2 45. Bd8 Ke6 46. Kd4 g4 47. Bc7 Kd7 48. Kc3 Rc2+ 49. Kb4 g3 50. c6+ Kxc6 51. d7 Kxd7 0-1

[Event "POL-chT 2nd League"]
[Site "Szczyrk"]
[Date "2014.09.11"]
[Round "6.33"]
[White "Kolosowski, Pawel"]
[Black "Bokiej, Przemyslaw"]
[Result "0-1"]
[WhiteElo "2258"]
[BlackElo "2111"]
[PlyCount "102"]
[EventDate "2014.09.06"]
[EventType "team-swiss"]
[EventRounds "9"]
[EventCountry "POL"]
[SourceTitle "EXT 2015"]
[Source "ChessBase"]
[SourceDate "2014.11.20"]
[SourceVersion "1"]
[SourceVersionDate "2014.11.20"]
[SourceQuality "1"]
[WhiteTeam "Jaworzno JKSz MCKiS"]
[BlackTeam "Bydgoszcz Chemik"]
[WhiteTeamCountry "POL"]
[BlackTeamCountry "POL"]

1. e4 e6 2. d3 c5 3. Nf3 Nc6 4. g3 g6 5. Bg2 Bg7 6. 0-0 Nge7 7. Nc3 0-0 8. Be3 Nd4 9. Qd2 d6 10. Nh4 Rb8 11. Nd1 b5 12. c3 Ndc6 13. d4 cxd4 14. cxd4 d5 15. e5 Qa5 16. Nc3 b4 17. Ne2 Ba6 18. Rfc1 Qb6 19. Bf1 Rfc8 20. b3 Bf8 21. Kg2 Bb5 22. f4 Nf5 23. Nxf5 exf5 24. Rc2 a5 25. Rac1 Qa6 26. Ng1 Bxf1+ 27. Rxf1 Na7 28. Rfc1 Rxc2 29. Rxc2 a4 30. Qe2 Nb5 31. g4 fxg4 32. Qxg4 axb3 33. axb3 Nc3 34. Qf3 Qd3 35. Rc1 Ra8 36. Rf1 Bh6 37. Bf2 Qxf3+ 38. Kxf3 Ra3 39. Kg4 Rxb3 40. Nf3 Ne4 41. Bh4 Bf8 42. f5 h5+ 43. Kf4 Bh6+ 44. Ng5 Rh3 45. fxg6 Rxh4+ 46. Kf5 Bxg5 47. gxf7+ Kxf7 48. e6+ Ke7 49. Ke5 Bf6+ 50. Kxd5 Nc3+ 51. Kc6 Rxd4 0-1

[Event "POL-chT2"]
[Site "Poronin"]
[Date "2013.09.13"]
[Round "7"]
[White "Kolosowski, Pawel"]
[Black "Sielicki, Tomasz"]
[Result "1-0"]
[WhiteElo "2247"]
[BlackElo "2004"]
[PlyCount "93"]
[EventDate "2013.09.06"]
[EventType "team-swiss"]
[EventRounds "9"]
[EventCountry "POL"]
[SourceTitle "EXT 2015"]
[Source "ChessBase"]
[SourceDate "2014.11.20"]
[SourceVersion "1"]
[SourceVersionDate "2014.11.20"]
[SourceQuality "1"]
[WhiteTeam "Jaworzno JKSz MCKiS"]
[BlackTeam "Zielonka Zieloni"]
[WhiteTeamCountry "POL"]
[BlackTeamCountry "POL"]

1. e4 e5 2. Bc4 Nf6 3. d3 Nc6 4. Nf3 Bc5 5. 0-0 a6 6. Re1 d6 7. c3 Ba7 8. Bb3 h6 9. Be3 0-0 10. Nbd2 Bxe3 11. fxe3 Be6 12. Nf1 Bxb3 13. Qxb3 b5 14. Ng3 g6 15. h3 Na5 16. Qc2 c5 17. Rf1 Nc6 18. Rad1 Qe7 19. Qf2 Nh7 20. d4 b4 21. d5 Na5 22. cxb4 cxb4 23. Rc1 Nb7 24. Rc4 a5 25. Nd2 Rfc8 26. Rfc1 Rxc4 27. Rxc4 Nc5 28. Nb3 Nf6 29. Nxc5 dxc5 30. Qc2 Nd7 31. b3 Rc8 32. Qd3 Qd6 33. Rc1 Qb6 34. Nf1 a4 35. Nd2 axb3 36. axb3 Ra8 37. Nc4 Qa6 38. d6 Qa2 39. Qd5 Ra7 40. Rf1 Nf8 41. Nxe5 Ne6 42. Nxf7 Rxf7 43. Qxe6 Qa7 44. Qe8+ Kg7 45. Rxf7+ Qxf7 46. d7 Qxb3 47. Qe7+ 1-0

[Event "POL-chT 2nd League"]
[Site "Mrzezyno"]
[Date "2011.09.10"]
[Round "8.22"]
[White "Dubas, Leszek"]
[Black "Kolosowski, Pawel"]
[Result "1-0"]
[WhiteElo "2163"]
[BlackElo "2302"]
[PlyCount "75"]
[EventDate "2011.09.03"]
[EventType "team-swiss"]
[EventRounds "9"]
[EventCountry "POL"]
[SourceTitle "EXT 2019"]
[Source "ChessBase"]
[SourceDate "2018.10.10"]
[SourceVersion "1"]
[SourceVersionDate "2018.10.10"]
[SourceQuality "1"]
[WhiteTeam "Pilzno GKSz Hetman"]
[BlackTeam "Jaworzno JKSz MCKiS"]
[WhiteTeamCountry "POL"]
[BlackTeamCountry "POL"]

1. e4 e5 2. Nf3 Nc6 3. Bb5 a6 4. Ba4 Nf6 5. Qe2 d6 6. c3 Be7 7. 0-0 0-0 8. Re1 Bd7 9. Bc2 h6 10. h3 Nh7 11. d4 Bg5 12. Nbd2 Qf6 13. Qd3 Rad8 14. a3 Ne7 15. Kh2 Bxd2 16. Bxd2 g5 17. g3 Ng6 18. Kg2 Kh8 19. Rh1 Rg8 20. Nh2 Qe6 21. Nf1 Bb5 22. Qf3 Nh4+ 23. gxh4 gxh4+ 24. Kh2 Rg6 25. Ne3 Ng5 26. Qg2 Be2 27. Bd1 Bxd1 28. Rhxd1 exd4 29. Ng4 h5 30. Bxg5 Rxg5 31. f4 Rgg8 32. f5 Qb3 33. Qd2 Rg7 34. Nf6 Rh7 35. Nxh7 Kxh7 36. Rg1 Re8 37. Qg5 Qc2+ 38. Rg2 1-0

[Event "POL-chT 2nd League"]
[Site "Mrzezyno"]
[Date "2011.09.07"]
[Round "5.40"]
[White "Kolosowski, Pawel"]
[Black "Jagodzinski, Piotr"]
[Result "0-1"]
[WhiteElo "2302"]
[BlackElo "2162"]
[PlyCount "120"]
[EventDate "2011.09.03"]
[EventType "team-swiss"]
[EventRounds "9"]
[EventCountry "POL"]
[SourceTitle "EXT 2015"]
[Source "ChessBase"]
[SourceDate "2014.11.20"]
[SourceVersion "1"]
[SourceVersionDate "2014.11.20"]
[SourceQuality "1"]
[WhiteTeam "Jaworzno JKSz MCKiS"]
[BlackTeam "Wroclaw AZS Politechnika"]
[WhiteTeamCountry "POL"]
[BlackTeamCountry "POL"]

1. e4 c6 2. d4 d5 3. e5 Bf5 4. c3 e6 5. Be3 Nd7 6. Nd2 a6 7. b4 Ne7 8. f4 h6 9. Be2 Qc7 10. Ngf3 Nc8 11. 0-0 Be7 12. Qe1 a5 13. a3 b5 14. Nh4 Bxh4 15. Qxh4 axb4 16. axb4 Rxa1 17. Rxa1 Ncb6 18. g4 Bh7 19. Qh5 Na4 20. Rc1 Qa7 21. f5 exf5 22. gxf5 Nxe5 23. Kf2 Nd7 24. Qg4 Rg8 25. Bd3 Nf6 26. Qg3 Nb2 27. Bc2 Nc4 28. Nxc4 bxc4 29. Re1 Kd7 30. Qh4 Qa2 31. Re2 Re8 32. Qg3 Qxc2 33. Rxc2 Ne4+ 34. Kf3 Nxg3 35. hxg3 Bxf5 36. Ra2 Bg4+ 37. Kf2 Rc8 38. Bf4 Ke6 39. Ra7 Bh5 40. Be5 f6 41. Bc7 Kf5 42. Ba5 g5 43. Rh7 Kg6 44. Re7 Bg4 45. Bc7 h5 46. Ba5 Kf5 47. Bb6 Bd1 48. Re1 Bc2 49. Re7 Rh8 50. Rc7 Ba4 51. Rf7 Ke6 52. Ra7 Bb5 53. Kf3 h4 54. g4 h3 55. Bc5 f5 56. gxf5+ Kxf5 57. Ra1 h2 58. Kg2 h1Q+ 59. Rxh1 Rxh1 60. Kxh1 Ke4 0-1

[Event "POL-chT 2nd League"]
[Site "Mrzezyno"]
[Date "2011.09.05"]
[Round "3.4"]
[White "Jarmula, Pawel"]
[Black "Kolosowski, Pawel"]
[Result "1/2-1/2"]
[WhiteElo "2173"]
[BlackElo "2302"]
[PlyCount "120"]
[EventDate "2011.09.03"]
[EventType "team-swiss"]
[EventRounds "9"]
[EventCountry "POL"]
[SourceTitle "EXT 2015"]
[Source "ChessBase"]
[SourceDate "2014.11.20"]
[SourceVersion "1"]
[SourceVersionDate "2014.11.20"]
[SourceQuality "1"]
[WhiteTeam "Warszawa Polonia II"]
[BlackTeam "Jaworzno JKSz MCKiS"]
[WhiteTeamCountry "POL"]
[BlackTeamCountry "POL"]

1. e4 e5 2. Nf3 Nc6 3. Bb5 a6 4. Ba4 Nf6 5. 0-0 Be7 6. Re1 b5 7. Bb3 d6 8. c3 0-0 9. a4 Bg4 10. h3 Bh5 11. d3 Na5 12. Bc2 c5 13. Nbd2 Nd7 14. Nf1 c4 15. Ng3 Bg6 16. axb5 axb5 17. d4 Qc7 18. Nf5 Rfe8 19. Ne3 Nb6 20. dxe5 dxe5 21. Nd5 Nxd5 22. Qxd5 Bc5 23. Be3 Bxe3 24. Rxe3 Rab8 25. Ree1 Kf8 26. Red1 f6 27. Qd7 Qxd7 28. Rxd7 Nc6 29. Ra6 Rec8 30. Rd6 Ne7 31. Nd2 Be8 32. Nf1 Rc6 33. Rdxc6 Bxc6 34. Ne3 Ra8 35. Rxa8+ Bxa8 36. f3 Ke8 37. b3 cxb3 38. Bxb3 Kd7 39. Kf2 Kd6 40. Ke2 Kc5 41. Kd3 Bc6 42. Be6 g6 43. h4 Kd6 44. Bb3 f5 45. Nc2 Bd7 46. g3 h6 47. Ne3 f4 48. gxf4 exf4 49. Nd5 Nxd5 50. Bxd5 Ke5 51. Bf7 g5 52. hxg5 hxg5 53. Bh5 Be6 54. Bg6 g4 55. fxg4 Bxg4 56. Be8 Bh3 57. Ke2 Kxe4 58. Bxb5 Bg4+ 59. Kf2 Kd5 60. Bd3 Kc5 1/2-1/2

[Event "Wroclaw Anderssen Memorial op 20th"]
[Site "Wroclaw"]
[Date "2011.07.11"]
[Round "6"]
[White "Kislinsky, Alexey"]
[Black "Kolosowski, Pawel"]
[Result "1-0"]
[WhiteElo "2521"]
[BlackElo "2302"]
[PlyCount "39"]
[EventDate "2011.07.11"]
[EventType "swiss (rapid)"]
[EventRounds "9"]
[EventCountry "POL"]
[SourceTitle "CBM 143 Extra"]
[Source "ChessBase"]
[SourceDate "2011.08.29"]
[SourceVersion "1"]
[SourceVersionDate "2011.08.29"]
[SourceQuality "1"]

1. e4 e5 2. Nc3 Nc6 3. Bc4 Nf6 4. d3 Bb4 5. Nge2 d5 6. exd5 Nxd5 7. Bxd5 Qxd5 8. 0-0 Qd8 9. f4 exf4 10. Nxf4 0-0 11. Ne4 Qh4 12. Nd5 Bd6 13. Bf4 Qd8 14. Ndf6+ Kh8 15. Bxd6 cxd6 16. Nxh7 Qh4 17. Nxf8 Bg4 18. Qe1 Qxe1 19. Raxe1 Rxf8 20. Nxd6 1-0

[Event "Wroclaw Anderssen Memorial op 20th"]
[Site "Wroclaw"]
[Date "2011.07.11"]
[Round "3"]
[White "Kolosowski, Pawel"]
[Black "Kazakov, Mikhail"]
[Result "0-1"]
[WhiteElo "2302"]
[BlackElo "2471"]
[PlyCount "72"]
[EventDate "2011.07.11"]
[EventType "swiss (rapid)"]
[EventRounds "9"]
[EventCountry "POL"]
[SourceTitle "CBM 143 Extra"]
[Source "ChessBase"]
[SourceDate "2011.08.29"]
[SourceVersion "1"]
[SourceVersionDate "2011.08.29"]
[SourceQuality "1"]

1. e4 e5 2. Bc4 Nf6 3. d3 Nc6 4. Nf3 Be7 5. 0-0 0-0 6. Re1 d6 7. c3 Na5 8. Bb5 c5 9. Nbd2 h6 10. Nf1 Be6 11. Ng3 Nc6 12. Ba4 Nh7 13. d4 cxd4 14. cxd4 Bg4 15. Bxc6 bxc6 16. dxe5 Bxf3 17. Qxf3 Qa5 18. Bf4 dxe5 19. Nf5 Bg5 20. Be3 Qb4 21. b3 Rfd8 22. Rac1 Bxe3 23. Qxe3 Ng5 24. h4 Ne6 25. Rxc6 Rd3 26. Qc1 Rad8 27. g3 Kh7 28. Rc4 Qa5 29. Ra4 Qb6 30. Kg2 Rd2 31. Rf1 Nc5 32. Rc4 Nd3 33. Qxd2 Nf4+ 34. Qxf4 exf4 35. gxf4 Rd2 36. Ne3 Qxe3 0-1

[Event "POL-chT 2nd League"]
[Site "Miedzyzdroje"]
[Date "2009.09.17"]
[Round "6"]
[White "Kolosowski, Pawel"]
[Black "Dubas, Leszek"]
[Result "1/2-1/2"]
[WhiteElo "2320"]
[BlackElo "2143"]
[PlyCount "100"]
[EventDate "2009.09.12"]
[EventType "team-swiss"]
[EventRounds "9"]
[EventCountry "POL"]
[SourceTitle "EXT 2019"]
[Source "ChessBase"]
[SourceDate "2018.10.10"]
[SourceVersion "1"]
[SourceVersionDate "2018.10.10"]
[SourceQuality "1"]
[WhiteTeam "Gdanski Drapol Jantar Pruszcz"]
[BlackTeam "Pilzno GKSz Hetman"]
[WhiteTeamCountry "POL"]
[BlackTeamCountry "POL"]

1. e4 g6 2. d4 Bg7 3. Nc3 c6 4. f4 d5 5. e5 h5 6. g3 Nh6 7. Bg2 Na6 8. h3 Nc7 9. Be3 Bf5 10. Nf3 Qd7 11. Qe2 b5 12. Nd1 Be4 13. Nf2 Nf5 14. Qd2 Nxg3 15. Rg1 Bf5 16. Nh4 Ne4 17. Nxe4 dxe4 18. Nxf5 gxf5 19. Bxe4 fxe4 20. Rxg7 Qxh3 21. 0-0-0 Nd5 22. Bg1 Kf8 23. Rg5 f6 24. exf6 exf6 25. Rxd5 cxd5 26. Qb4+ Kf7 27. Qxb5 Qe6 28. Qb7+ Qe7 29. Qxd5+ Kg7 30. Be3 Rag8 31. f5 h4 32. Rg1+ Kh7 33. Rh1 Rg4 34. Qc6 Kg7 35. d5 Rd8 36. c4 Qd7 37. Qxd7+ Rxd7 38. Bf2 Rf4 39. Bxh4 e3 40. b3 Rxf5 41. Bg3 Rf3 42. Rg1 f5 43. Kd1 f4 44. Bxf4+ Kf6 45. Bb8 Rf2 46. Re1 Rxa2 47. Rxe3 Rh7 48. Be5+ Kf5 49. Bg3 Rh1+ 50. Be1 Rhh2 1/2-1/2

[Event "POL-chT 2nd League"]
[Site "Miedzyzdroje"]
[Date "2009.09.16"]
[Round "5"]
[White "Wypych, Dominik"]
[Black "Kolosowski, Pawel"]
[Result "1/2-1/2"]
[WhiteElo "2070"]
[BlackElo "2320"]
[PlyCount "66"]
[EventDate "2009.09.12"]
[EventType "team-swiss"]
[EventRounds "9"]
[EventCountry "POL"]
[SourceTitle "EXT 2019"]
[Source "ChessBase"]
[SourceDate "2018.10.10"]
[SourceVersion "1"]
[SourceVersionDate "2018.10.10"]
[SourceQuality "1"]
[WhiteTeam "Gostynin Gostmat 83"]
[BlackTeam "Gdanski Drapol Jantar Pruszcz"]
[WhiteTeamCountry "POL"]
[BlackTeamCountry "POL"]

1. d4 d5 2. c4 e6 3. Nf3 c6 4. Qc2 f5 5. g3 Nf6 6. Bg2 Bd6 7. 0-0 0-0 8. b3 Qe7 9. Bb2 Bd7 10. Ne5 Be8 11. Nd2 Ne4 12. f4 Bh5 13. Nxe4 dxe4 14. a3 Rd8 15. Rfd1 Na6 16. Rd2 Rac8 17. b4 Nc7 18. Bf1 Bxe5 19. dxe5 Rxd2 20. Qxd2 Rd8 21. Qc2 Qd7 22. Bc3 h6 23. e3 b6 24. a4 Kh7 25. b5 c5 26. a5 Bf3 27. axb6 axb6 28. Ra7 Qc8 29. Kf2 Qb8 30. Ra1 Rd7 31. Qa2 Qd8 32. Kg1 Rd1 33. Rxd1 Qxd1 1/2-1/2

[Event "POL-chT 2nd League"]
[Site "Ustron"]
[Date "2008.09.10"]
[Round "4.3"]
[White "Budrewicz, Krzysztof"]
[Black "Kolosowski, Pawel"]
[Result "1-0"]
[WhiteElo "2333"]
[BlackElo "2309"]
[PlyCount "79"]
[EventDate "2008.09.06"]
[EventType "team-swiss"]
[EventRounds "9"]
[EventCountry "POL"]
[SourceTitle "EXT 2015"]
[Source "ChessBase"]
[SourceDate "2014.11.20"]
[SourceVersion "1"]
[SourceVersionDate "2014.11.20"]
[SourceQuality "1"]
[WhiteTeam "Ostroda Ostrodzianka"]
[BlackTeam "Gdanski Drapol Jantar Pruszcz"]
[WhiteTeamCountry "POL"]
[BlackTeamCountry "POL"]

1. d4 d5 2. c4 e6 3. Nc3 f5 4. Nf3 c6 5. Qb3 Nf6 6. Bg5 Be7 7. e3 0-0 8. Be2 Nbd7 9. a4 Kh8 10. 0-0 a5 11. Rad1 Qe8 12. Qc2 Ne4 13. Bxe7 Qxe7 14. Nd2 Nd6 15. f3 Qf6 16. Kh1 dxc4 17. e4 e5 18. f4 exd4 19. e5 Qh6 20. exd6 dxc3 21. Nxc4 cxb2 22. Qxb2 Rf6 23. Nb6 Nxb6 24. Qxb6 Be6 25. d7 Bxd7 26. Rxd7 Rff8 27. Rxb7 Qe6 28. Qb2 Rg8 29. Qe5 Qa2 30. Ra1 Qd2 31. Re7 Rad8 32. Bc4 Qd1+ 33. Rxd1 Rxd1+ 34. Qe1 Rxe1+ 35. Rxe1 Rb8 36. Bf7 c5 37. Re8+ Rxe8 38. Bxe8 c4 39. Bb5 c3 40. Bd3 1-0

[Event "POL-chT 2nd League"]
[Site "Ustron"]
[Date "2008.09.07"]
[Round "2.22"]
[White "Kolosowski, Pawel"]
[Black "Gawronski, Miroslaw"]
[Result "1-0"]
[WhiteElo "2309"]
[BlackElo "2279"]
[PlyCount "63"]
[EventDate "2008.09.06"]
[EventType "team-swiss"]
[EventRounds "9"]
[EventCountry "POL"]
[SourceTitle "EXT 2015"]
[Source "ChessBase"]
[SourceDate "2014.11.20"]
[SourceVersion "1"]
[SourceVersionDate "2014.11.20"]
[SourceQuality "1"]
[WhiteTeam "Gdanski Drapol Jantar Pruszcz"]
[BlackTeam "Torun AZS UMK"]
[WhiteTeamCountry "POL"]
[BlackTeamCountry "POL"]

1. e4 d6 2. d4 Nf6 3. Nc3 c6 4. a4 Qc7 5. Be3 e5 6. Nf3 Be7 7. Bc4 h6 8. 0-0 Nbd7 9. Ba2 Nf8 10. Qd3 Ng6 11. Qc4 0-0 12. h3 Kh8 13. Rfd1 a6 14. d5 Bd7 15. dxc6 bxc6 16. Qd3 Nh5 17. Qd2 Kh7 18. Bc5 Bxh3 19. Bxd6 Qc8 20. Bxe7 Qg4 21. Ne1 Nxe7 22. f3 Qg6 23. Qf2 Nf4 24. Kh2 Bc8 25. Qh4 Re8 26. Rd2 h5 27. Ne2 Qh6 28. Nxf4 exf4 29. Bxf7 Ng6 30. Bxg6+ Qxg6 31. Qxf4 Be6 32. Rad1 1-0

[Event "Warsaw AIG Life rapid 7th"]
[Site "Warsaw"]
[Date "2007.12.16"]
[Round "9"]
[White "Kolosowski, Pawel"]
[Black "Lafuente, Pablo"]
[Result "0-1"]
[WhiteElo "2309"]
[BlackElo "2489"]
[PlyCount "68"]
[EventDate "2007.12.15"]
[EventType "swiss (rapid)"]
[EventRounds "13"]
[EventCountry "POL"]
[SourceTitle "CBM 121 Extra"]
[Source "ChessBase"]
[SourceDate "2008.01.10"]
[SourceVersion "1"]
[SourceVersionDate "2008.01.10"]
[SourceQuality "1"]

1. e4 c5 2. Nf3 e6 3. d3 Nc6 4. g3 g6 5. Bg2 Bg7 6. 0-0 Nge7 7. Nbd2 0-0 8. h4 h6 9. Re1 d6 10. Nf1 e5 11. Ne3 Be6 12. c3 Qd7 13. h5 g5 14. Nh2 f5 15. Nd5 Rf7 16. Rf1 Raf8 17. Nxe7+ Nxe7 18. f3 d5 19. Be3 b6 20. a4 Nc6 21. exd5 Bxd5 22. f4 Bxg2 23. Kxg2 exf4 24. gxf4 g4 25. Qb3 Qxd3 26. Rae1 Kh8 27. Rf2 Qe4+ 28. Kg3 Re7 29. Rfe2 Rfe8 30. Qb5 Qd5 31. Kf2 Bf6 32. Rd2 g3+ 33. Kg1 gxh2+ 34. Kxh2 Qf3 0-1

[Event "Warsaw AIG Life rapid 7th"]
[Site "Warsaw"]
[Date "2007.12.15"]
[Round "7"]
[White "Kolosowski, Pawel"]
[Black "Bromberger, Stefan"]
[Result "0-1"]
[WhiteElo "2309"]
[BlackElo "2491"]
[PlyCount "71"]
[EventDate "2007.12.15"]
[EventType "swiss (rapid)"]
[EventRounds "13"]
[EventCountry "POL"]
[SourceTitle "CBM 121 Extra"]
[Source "ChessBase"]
[SourceDate "2008.01.10"]
[SourceVersion "1"]
[SourceVersionDate "2008.01.10"]
[SourceQuality "1"]

1. e4 c5 2. Nf3 d6 3. d4 cxd4 4. Nxd4 Nf6 5. Nc3 a6 6. Bg5 e6 7. Qf3 Nbd7 8. 0-0-0 Be7 9. Qh3 Qc7 10. f4 b5 11. Bd3 b4 12. Nce2 Bb7 13. Qf3 Nc5 14. Ng3 h6 15. Bh4 g5 16. fxg5 Nfd7 17. Qh5 Ne5 18. Kb1 Ng6 19. Qg4 0-0-0 20. Rhf1 Rdg8 21. Nh5 Ne5 22. Qe2 hxg5 23. Bg3 Rf8 24. Nb3 a5 25. Bxe5 dxe5 26. Nxc5 Bxc5 27. Bb5 Bd4 28. h3 Kb8 29. Ng3 Rc8 30. Rf3 Qb6 31. Rxf7 Rc5 32. Bd3 a4 33. Rdf1 Rhc8 34. R7f6 b3 35. axb3 axb3 36. c3 0-1

[Event "Warsaw AIG Life rapid"]
[Site "Warsaw"]
[Date "2005.12.17"]
[Round "2"]
[White "Miton, Kamil"]
[Black "Kolosowski, Pawel"]
[Result "1-0"]
[WhiteElo "2636"]
[BlackElo "2285"]
[PlyCount "69"]
[EventDate "2005.12.17"]
[EventType "swiss (rapid)"]
[EventRounds "13"]
[EventCountry "POL"]
[SourceTitle "CBM 110 Extra"]
[Source "ChessBase"]
[SourceDate "2006.03.10"]
[SourceVersion "2"]
[SourceVersionDate "2006.03.10"]
[SourceQuality "1"]

1. d4 d5 2. c4 e6 3. Nc3 Nf6 4. Nf3 Be7 5. Bf4 c6 6. e3 0-0 7. h3 Nbd7 8. c5 Ne4 9. Bd3 f5 10. 0-0 Bf6 11. Qc2 Qe8 12. Ne2 e5 13. dxe5 Nxe5 14. Nxe5 Bxe5 15. f3 Nf6 16. Qd2 Qe7 17. Rac1 Nd7 18. Bxe5 Nxe5 19. f4 Nd7 20. b4 Nf6 21. Nd4 Ne4 22. Bxe4 dxe4 23. a4 Be6 24. Qc3 Bd5 25. Rfd1 g5 26. fxg5 Qxg5 27. Ne2 f4 28. Nxf4 Rxf4 29. exf4 Qxf4 30. Rf1 Qg5 31. Qf6 Qg3 32. Rf4 h5 33. Rf5 Qe3+ 34. Kh2 Qxc1 35. Qg6+ 1-0